|
|
|
|
| LEADER |
00000cam a2200000 c 4500 |
| 001 |
369117182 |
| 003 |
DE-627 |
| 005 |
20240912103212.0 |
| 007 |
cd uuu---uuuuu |
| 008 |
030911s1545 xx |||||q 00| ||lat c |
| 026 |
|
|
|e ame- s.l- ost. tequ C 1545R
|2 fei
|
| 035 |
|
|
|a (DE-627)369117182
|
| 035 |
|
|
|a (DE-576)9369117180
|
| 035 |
|
|
|a (DE-599)GBV369117182
|
| 035 |
|
|
|a (OCoLC)834487416
|
| 040 |
|
|
|a DE-627
|b ger
|c DE-627
|e rakwb
|
| 041 |
|
|
|a lat
|
| 044 |
|
|
|c XA-DXDE
|
| 100 |
1 |
|
|0 (DE-588)118726633
|0 (DE-627)082815291
|0 (DE-576)209348933
|4 aut
|a Łaski, Jan
|d 1499-1560
|
| 109 |
|
|
|a Łaski, Jan 1499-1560
|a Lasco, Johs a 1499-1560
|a Laski, Jan 1499-1560
|a Lasko, Johann 1499-1560
|a Laski, Johannes 1499-1560
|a Łaski, Jan der Jüngere 1499-1560
|a Lasco, Johannis à 1499-1560
|a Iohannes a Lasco 1499-1560
|a Lasco, Jean a 1499-1560
|a Johannes a Lasco 1499-1560
|a Lasco, Johannes a 1499-1560
|a Lasco, Joannes a 1499-1560
|a Lasco, Iean a 1499-1560
|
| 245 |
1 |
0 |
|a Defensio Verae semperqve In Ecclesia Receptae Doctrinæ De Christi Domini incarnatione, Aduersus Mennonem Simonis Anabaptistarum Doctorem,
|c per Ioannem à Lasco ...
|
| 246 |
1 |
|
|i Ansetzungssachtitel
|a Defensio Verae semperque In Ecclesia Receptae Doctrinæ De Christi Domini incarnatione, Adversus Mennonem Simonis Anabaptistarum Doctorem
|
| 256 |
|
|
|a TIFF; Digitalisierungsvorlage: Primärausgabe
|
| 264 |
|
1 |
|a Bonnae
|b Mylius
|c 1545
|
| 300 |
|
|
|a [75] Bl
|c 8°
|
| 336 |
|
|
|a nicht spezifiziert
|b zzz
|2 rdacontent
|
| 337 |
|
|
|a Computermedien
|b c
|2 rdamedia
|
| 338 |
|
|
|a Computerdisk
|b cd
|2 rdacarrier
|
| 500 |
|
|
|a Auch elektronisches Dokument
|
| 500 |
|
|
|a Fingerprint nach Ex. der JALB Emden
|
| 500 |
|
|
|a Signaturformel: A-H8 I4 K8(K8 blanco)
|
| 500 |
|
|
|a Bibliogr. Nachweis: VD 16, L586; Hillerbrand 3651; Adams, L 237
|
| 500 |
|
|
|a Vorlageform der Veröffentlichungsangabe: Bonnæ Ex officina Laurentii Mylii ...
|
| 533 |
|
|
|a CD-ROM-Ausg.
|b Emden
|c Johannes a Lasco Bibliothek
|d 2003
|e 16 CD-ROM
|7 |2003||||||||||
|
| 535 |
1 |
|
|a JALB Emden
|3 Theol. 8° 0118 H (n.2)
|
| 655 |
|
7 |
|a CD-ROM
|0 (DE-588)4139307-7
|0 (DE-627)105636290
|0 (DE-576)209693312
|2 gnd-carrier
|
| 700 |
0 |
|
|0 (DE-588)118580884
|0 (DE-627)079375448
|0 (DE-576)162202180
|4 oth
|a Menno
|c Simons
|d 1496-1561
|
| 700 |
1 |
|
|0 (DE-588)129445193
|0 (DE-627)707240735
|0 (DE-576)216489075
|4 prt
|a Mülen, Laurenz von der
|d ca. 16. Jh.
|
| 935 |
|
|
|a JALB
|a mteo
|
| 951 |
|
|
|a BO
|
| ELC |
|
|
|a 1
|
| LOK |
|
|
|0 000 xxxxxcx a22 zn 4500
|
| LOK |
|
|
|0 001 4579062884
|
| LOK |
|
|
|0 003 DE-627
|
| LOK |
|
|
|0 004 369117182
|
| LOK |
|
|
|0 005 20240912102331
|
| LOK |
|
|
|0 008 240912||||||||||||||||ger|||||||
|
| LOK |
|
|
|0 040
|a DE-Tue135
|c DE-627
|d DE-Tue135
|
| LOK |
|
|
|0 092
|o n
|
| LOK |
|
|
|0 852
|a DE-Tue135
|
| LOK |
|
|
|0 852 1
|9 00
|
| LOK |
|
|
|0 866
|x SPQUE#Johannes a Lasco Bibliothek
|
| LOK |
|
|
|0 935
|a JALB
|
| LOK |
|
|
|0 939
|a 12-09-24
|b l01
|
| ORI |
|
|
|a SA-MARC-ixtheoa001.raw
|